Introduction to RF stealth with CD (Record no. 290541)

000 -LEADER
fixed length control field 00260 a2200109 4500
001 - CONTROL NUMBER
control field 55468
082 ## - DEWEY DECIMAL CLASSIFICATION NUMBER
Classification number 623.74632 LYN
090 ## - LOCALLY ASSIGNED LC-TYPE CALL NUMBER (OCLC); LOCAL CALL NUMBER (RLIN)
-- 34422
-- 34422
100 ## - MAIN ENTRY--PERSONAL NAME
Personal name Lynch, David Jr
245 ## - TITLE STATEMENT
Title Introduction to RF stealth with CD
260 ## - PUBLICATION, DISTRIBUTION, ETC.
Place of publication, distribution, etc. NY
Name of publisher, distributor, etc. Scitech
Date of publication, distribution, etc. 2004
942 ## - ADDED ENTRY ELEMENTS (KOHA)
Institution code [OBSOLETE] NUST-CAE
Call number prefix 623.74632 LYN
Holdings
Withdrawn status Lost status Damaged status Not for loan Collection code Permanent Location Current Location Date acquired Total Checkouts Full call number Barcode Date last seen Price effective from Koha item type
          College of Aeronautical Engineering (CAE) College of Aeronautical Engineering (CAE) 04/03/2017   623.74632 LYN CAEN-4332 04/05/2017 04/05/2017 Book
© 2023 Central Library, National University of Sciences and Technology. All Rights Reserved.